El sistema internacional americano /

Guardado en:
Autor Principal: Moreno Quintana, Lucio M.
Formato: Libro
Idioma:Undetermined
Publicado: Buenos Aires : Editorial Jurídica, 1927.
Materias:
Etiquetas: Agregar Etiqueta
Sin Etiquetas, Sea el primero en etiquetar este registro!
LEADER 00538nam a22001575a 4500
001 EHU.bham049021
005 20111117170805.0
008 111117s1927####ag############000#0#und#d
100 1 |a Moreno Quintana, Lucio M. 
245 0 0 |a El sistema internacional americano /  |c Lucio M. Moreno Quintana. 
260 |a Buenos Aires :  |b Editorial Jurídica,  |c 1927. 
300 |a 289 p. 
653 |a Estados americanos 
653 |a Comunidad internacional 
653 |a Derecho internacional 
859 |a AR-BHAM  |b BIB. HUMANIDADES - Donacion Lejarraga  |h MFN003240  |p 003240.19